00468nam a2200121Ia 4500008004100000020001800041100002000059245007100079260003900150650009800189650001400287856004500301171212s9999 xx 000 0 und d a9780874216332 aBooth, Wayne C. cBooth, Wayne C.aMy Many SelvesbThe Quest for a Plausible Harmony bUniversity Press of Coloradoc2006 aBooth, Wayne C.; Critics -- United States -- Biography; Mormons -- United States -- Biography aEducation uwww.jstor.org/stable/10.2307/j.ctt4cgq8j